000 00762nam a2200181 a 4500
001 000033532
005 20260305073951.0
008 110831s1983 dr 000 0 spa d
040 _aDO-SdBNP
_bspa
_cBNPHU
100 1 _aMontás, Onorio
_959042
245 1 0 _aArte Taíno.
260 _aSanto Domingo :
_bBanco Central de la República Dominicana
_bSerigraf,
_c1983.
300 _a229 p. ;
_c32 cm.
505 0 _tPresentación--
_tLos Taínos --
_tObjetivos utilizados en el ritual de la cohoba --
_tAdornos personales --
_tRecipientes --
_tObjetos utilitarios --
_tObjetos y diseños ceremoniales o de juego --
_tColeccionistas --
_tIsla de procedencia --
700 1 _aBorrell B., Pedro J.,
_d1944-
_966970
700 1 _aMoya Pons, Frank,
_d1944-
_92095
049 _aBNPD
999 _c33023
_d33023